000 00620nam a2200241Ia 4500
003 OSt
005 20220916110945.0
006 a|||||r|||| 00| 0
007 ta
008 220915b |||||||| |||| 00| 0 eng d
024 _a32145
037 _cTextbook
040 _beng
_aARTS
_cARTS
041 _aeng
082 _aO111,3N04,2, M0(EO)
100 _aGreene Graham
245 0 _aWays of escape
260 _aLondon
_bThe Bodely Head UK
300 _a302p.
_ccm.
650 _aENGLISH LITERATURE
942 _hO111,3N04,2, M0(EO)
_cTB
_2CC
999 _c102249
_d102249